| 000 | 01104nam a2200289Ia 4500 | ||
|---|---|---|---|
| 001 | F6087 | ||
| 003 | IT-RoPAU | ||
| 008 | 130308s9999 xx 000 0 und d | ||
| 040 | _aIT-RoPAU | ||
| 040 | _cIT-RoPAU | ||
| 041 | _aITALIANO | ||
| 100 | _aRouch Jean | ||
| 100 | _gCodice Aut. SPICS: 1823 | ||
| 245 | _aDall'esotismo all'educazione di base: l'eredità del cinema coloniale | ||
| 245 | _bNascita del Cinema in Africa (La). Il Cinema dell'Africa Sub-Sahariana Dalle Origini al 1975 | ||
| 250 | _a1a ed. | ||
| 260 | _aTORINO | ||
| 260 | _bLindau | ||
| 260 | _c1998 [1° Ed.:1998 - Ed.Ling.Originale:1961] | ||
| 300 | _a"17 p. (prefazione: no ; testo: 17 [pagine: 11-27])" | ||
| 500 | _aFilm commerciali e Documentari. Africa in Piena Evoluzione: registi Cercano di Mostrare I Problemi dell'Africa Tradizionale a contatto con Il Mondo Moderno. Primi passi del vero e Proprio Cinema Africano, Fatto Dagli Africani e per gli Africani. Film Educativi. | ||
| 650 | _aSTORIA NAZIONALE DEL CINEMA | ||
| 650 | _eCodice materia Spics: 6809 | ||
| 942 | _cBK | ||
| 957 | _71 | ||
| 999 |
_c83414 _d83414 |
||
| 999 | _g1 | ||